000 00410nam a2200181Ia 4500
001 3024
005 20260306144850.0
008 260306t1993||||xx |||||||||||||| ||spa||
041 _aESP
082 _a242
_bV23
100 _aVallés, Carlos G.,
_eAUT
245 0 _aVida en abundancia
260 _c1993
300 _a207 páginas :
_c20 cm.
650 _aGEN
654 _aCHU
942 _cLIB
_dJUS
_fJUS
_2ddc
_n
999 _c3024
_d3024